| 000 | 00537nam a22001817a 4500 | ||
|---|---|---|---|
| 003 | 0 | ||
| 005 | 20220727130658.0 | ||
| 008 | 220727b xxu||||| |||| 00| 0 eng d | ||
| 020 | _a978-621-95242-9-2 | ||
| 050 |
_aDS685.5 _b.D671 2020 |
||
| 245 |
_aObligations and contracts: laws, principles and jurisprudence _cAndrix D. Domingo |
||
| 250 | _a4th ed. | ||
| 260 |
_aBaguio City _bCoaching for results publishing _c2020 |
||
| 300 |
_a677pp. _c23cm. _fBook |
||
| 500 | _aConstitutional law. | ||
| 500 | _aPhilippines. | ||
| 942 |
_2lcc _cBK |
||
| 999 |
_c364757 _d364757 |
||